Discursos / (Record no. 148697)

MARC details
000 -LEADER
campo de control de longitud fija 00650nam a2200169 4500
001 - NÚMERO DE CONTROL
campo de control 148697
003 - IDENTIFICADOR DE NÚMERO DE CONTROL
campo de control ES-MaACL
005 - FECHA Y HORA DE LA ÚLTIMA TRANSACCIÓN
campo de control 20230906202752.0
007 - CAMPO FIJO DE DESCRIPCIÓN FÍSICA--INFORMACIÓN GENERAL
campo de control de longitud fija t|
008 - DATOS DE LONGITUD FIJA--INFORMACIÓN GENERAL
campo de control de longitud fija 070214s1963 sp r ||||1| spa d
100 1# - ENTRADA PRINCIPAL--NOMBRE DE PERSONA
Nombre de persona Suanzes Fernández, Juan Antonio.
9 (RLIN) 108533
245 10 - MENCIÓN DEL TÍTULO
Título Discursos /
Mención de responsabilidad, etc. Suanzes.
260 ## - PUBLICACIÓN, DISTRIBUCIÓN, ETC.
Lugar de publicación, distribución, etc. Madrid :
Nombre del editor, distribuidor, etc. Centro de Estudios Económicos y Sociales del Instituto Nacional de Industria,
Fecha de publicación, distribución, etc. [1963] (
Fabricante Ferreira)
300 ## - DESCRIPCIÓN FÍSICA
Extensión 1 p. azul, 1, 218 p., 4 p. azules, 1 p. :
Otras características físicas il. = retr. aut.
710 2# - ENTRADA AGREGADA--NOMBRE DE ENTIDAD CORPORATIVA
Nombre de entidad corporativa o nombre de jurisdicción como elemento de entrada Instituto Nacional de Industria (España).
Unidad subordinada Centro de Estudios Económicos y Sociales.
9 (RLIN) 5166
852 ## - LOCALIZACIÓN
Ubicación ES-MaACL
Número de control de estantería C-23486
Sublocalización o colección R.51761
Holdings
Estatus retirado Estado de pérdida Estado de daño No para préstamo Biblioteca de origen Biblioteca actual Ubicación en estantería Fecha de adquisición Fuente de adquisición Total de préstamos Signatura topográfica completa Código de barras Visto por última vez Precio de reemplazo Tipo de ítem Koha
        Biblioteca del Ateneo de Madrid Biblioteca del Ateneo de Madrid Depósito 2 17/01/2008     C-23486 1155177 23/02/2023 23/02/2023 Libro impreso